000 00507nam a22001937a 4500
003 CEME
005 20210628203524.0
008 210120b xxu||||| |||| 00| 0 eng d
020 _a81-297-0258-4
040 _c.
082 _a658.78 ARN
100 _aArnold, J.R. Tony, Chapman, Stephen N
_965989
245 _aIntroduction to materials management
250 _a5TH
260 _aINDIA
_bPEARSON EDUCATION ASIA
_c2005
300 _a480P
650 _aMATERIALS MANAGEMENT
_924788
942 _cBK
_2ddc
999 _c574047
_d574047